[Event "Poznan op 25th"]
[Site "Poznan"]
[Date "2017.08.27"]
[Round "9"]
[White "Zadymov, Ihor"]
[Black "Jedras, Piotr"]
[Result "0-1"]
[WhiteElo "2089"]
[BlackElo "2091"]
[PlyCount "86"]
[EventDate "2017.08.20"]
[EventType "swiss"]
[EventRounds "9"]
[EventCountry "POL"]
[SourceTitle "CBM 180 Extra"]
[Source "ChessBase"]
[SourceDate "2017.10.06"]
[SourceVersion "1"]
[SourceVersionDate "2017.10.06"]
[SourceQuality "1"]

1. Nf3 d6 2. b3 e5 3. e4 Nf6 4. d4 exd4 5. Qxd4 Nc6 6. Bb5 Bd7 7. Bxc6 Bxc6 8. Nc3 Be7 9. Bb2 Qd7 10. 0-0 0-0 11. Rad1 Nh5 12. Nd5 Bxd5 13. Qxd5 Nf4 14. Qf5 Qxf5 15. exf5 Nh5 16. g4 Nf6 17. g5 Nd7 18. Rfe1 Rfe8 19. h4 Bf8 20. Kf1 Rxe1+ 21. Rxe1 d5 22. Ke2 Bc5 23. Kd3 c6 24. h5 Rd8 25. h6 g6 26. fxg6 fxg6 27. Nh2 Bd6 28. Ng4 Nc5+ 29. Kd2 Bf4+ 30. Kd1 Bxg5 31. Bf6 Bxf6 32. Nxf6+ Kf7 33. Nxh7 Rh8 34. Ng5+ Kf6 35. f4 Rxh6 36. b4 Na4 37. Re8 Kf5 38. Rf8+ Kg4 39. Rf6 Rh2 40. Ne6 Nc3+ 41. Ke1 Ne4 42. Rxg6+ Kf5 43. Nf8 Rh8 0-1

[Event "Poznan op 25th"]
[Site "Poznan"]
[Date "2017.08.20"]
[Round "1"]
[White "Czarnolewski, Piotr"]
[Black "Jedras, Piotr"]
[Result "0-1"]
[WhiteElo "1677"]
[BlackElo "2091"]
[PlyCount "112"]
[EventDate "2017.08.20"]
[EventType "swiss"]
[EventRounds "9"]
[EventCountry "POL"]
[SourceTitle "CBM 180 Extra"]
[Source "ChessBase"]
[SourceDate "2017.10.06"]
[SourceVersion "1"]
[SourceVersionDate "2017.10.06"]
[SourceQuality "1"]

1. e4 c5 2. Nf3 d6 3. d3 g6 4. g3 Bg7 5. Bg2 Nc6 6. 0-0 Nf6 7. Nbd2 0-0 8. a4 Rb8 9. Nc4 d5 10. exd5 Nxd5 11. Re1 Re8 12. Rb1 e5 13. Bg5 f6 14. Bd2 Be6 15. b3 Qd7 16. Ne3 Rbd8 17. Nxd5 Bxd5 18. Be3 b6 19. Nd2 Nb4 20. Bxd5+ Nxd5 21. Qf3 Rf8 22. Nc4 f5 23. Bd2 Rde8 24. Re2 f4 25. g4 Rf7 26. Rbe1 Rfe7 27. h3 a6 28. Na3 Nc7 29. Qe4 Ne6 30. Qc4 Kh8 31. f3 Nd4 32. Rf2 Qc6 33. Kg2 b5 34. axb5 axb5 35. Nxb5 Qxb5 36. Qxb5 Nxb5 37. Rfe2 Nd4 38. Re4 Kg8 39. b4 Nxc2 40. Rc1 Nxb4 41. Rxc5 Nxd3 42. Rd5 Nb2 43. Rb4 Nd1 44. Bxf4 exf4 45. Rxd1 Re2+ 46. Kg1 g5 47. h4 Bf6 48. hxg5 Bxg5 49. Kf1 R2e3 50. Kf2 Bh4+ 51. Kg2 Re2+ 52. Kh3 Bg3 53. g5 Rh2+ 54. Kg4 Rf8 55. g6 Rh4+ 56. Kg5 h6# 0-1

[Event "Poznan op 24th"]
[Site "Poznan"]
[Date "2016.08.12"]
[Round "5"]
[White "Schmidt, Wlodzimierz"]
[Black "Jedras, Piotr"]
[Result "1-0"]
[WhiteElo "2291"]
[BlackElo "2036"]
[PlyCount "77"]
[EventDate "2016.08.08"]
[EventType "swiss"]
[EventRounds "9"]
[EventCountry "POL"]
[SourceTitle "CBM 173 Extra"]
[Source "ChessBase"]
[SourceDate "2016.08.29"]
[SourceVersion "1"]
[SourceVersionDate "2016.08.29"]
[SourceQuality "1"]

1. Nf3 c5 2. c4 g6 3. d4 cxd4 4. Nxd4 Bg7 5. e4 Nc6 6. Be3 Nf6 7. Nc3 d6 8. Be2 0-0 9. 0-0 Nd7 10. Qd2 Nc5 11. Rab1 Ne6 12. Nc2 Nc5 13. f3 a5 14. Nd4 Bd7 15. Ndb5 Na7 16. Nxa7 Rxa7 17. Rbd1 b6 18. Bh6 Bc6 19. Bxg7 Kxg7 20. f4 Kg8 21. Qe3 Rd7 22. Bg4 f5 23. exf5 gxf5 24. Bf3 Bxf3 25. Qxf3 Kh8 26. Rd2 e5 27. Qc6 exf4 28. Rxf4 Re8 29. Qf3 Qg5 30. h4 Qh6 31. Re2 Rde7 32. Rxe7 Rxe7 33. Nd5 Rg7 34. Rxf5 Qc1+ 35. Kh2 Qxb2 36. Ne7 Rxe7 37. Qa8+ Kg7 38. Qf8+ Kg6 39. Rg5# 1-0

[Event "POL-chT 2nd League"]
[Site "Jastrzebia Gora"]
[Date "2015.09.08"]
[Round "4.52"]
[White "Szustakowski, Antoni"]
[Black "Jedras, Piotr"]
[Result "1-0"]
[WhiteElo "2030"]
[BlackElo "2030"]
[PlyCount "109"]
[EventDate "2015.09.05"]
[EventType "team-swiss"]
[EventRounds "9"]
[EventCountry "POL"]
[SourceTitle "EXT 2017"]
[Source "ChessBase"]
[SourceDate "2016.10.25"]
[SourceVersion "1"]
[SourceVersionDate "2016.10.25"]
[SourceQuality "1"]
[WhiteTeam "Zielonka Zieloni"]
[BlackTeam "Victoria Komplexbud"]
[WhiteTeamCountry "POL"]
[BlackTeamCountry "POL"]

1. Nf3 c5 2. c4 Nc6 3. d4 cxd4 4. Nxd4 g6 5. e4 Bg7 6. Be3 d6 7. Nc3 Nf6 8. Be2 0-0 9. 0-0 Nxd4 10. Bxd4 Be6 11. Rc1 Qa5 12. f4 Rfc8 13. b3 Bd7 14. e5 Ne8 15. Nd5 Bf8 16. Bc3 Qd8 17. exd6 Nxd6 18. Qd4 f6 19. Rfd1 Nf5 20. Nxf6+ exf6 21. Qd5+ Kh8 22. Qxd7 Qb6+ 23. Kh1 Bg7 24. Bf3 Rab8 25. Re1 Qf2 26. Qd2 Qh4 27. Kg1 Rd8 28. Bd5 b5 29. Qf2 Qh5 30. Re6 bxc4 31. bxc4 Rf8 32. h3 g5 33. Qxa7 gxf4 34. Bxf6 Rb2 35. Bxg7+ Nxg7 36. Qd4 Rxa2 37. Re7 Qg5 38. Qe5 Qg6 39. Rf1 Qg3 40. Rxf4 Rg8 41. Rxg7 Qxg7 42. Qxg7+ Kxg7 43. Rg4+ Kh6 44. Rxg8 Rc2 45. Rc8 Kg5 46. c5 h5 47. c6 Kh4 48. c7 Rc5 49. Kh2 Rc2 50. Be4 Rc4 51. g3+ Kg5 52. Rg8+ Kh6 53. c8Q Rxe4 54. Qc6+ Kh7 55. Qg6# 1-0

[Event "Poznan op 23rd"]
[Site "Poznan"]
[Date "2015.08.17"]
[Round "9"]
[White "Jedras, Piotr"]
[Black "Puczylowski, Marcin"]
[Result "0-1"]
[WhiteElo "2023"]
[BlackElo "2126"]
[PlyCount "74"]
[EventDate "2015.08.10"]
[EventType "swiss"]
[EventRounds "9"]
[EventCountry "POL"]
[SourceTitle "CBM 167 Extra"]
[Source "ChessBase"]
[SourceDate "2015.09.14"]
[SourceVersion "1"]
[SourceVersionDate "2015.09.14"]
[SourceQuality "1"]

1. e4 e5 2. Nf3 Nc6 3. Bb5 Nge7 4. Nc3 g6 5. d3 Bg7 6. Bg5 h6 7. Be3 a6 8. Bc4 Na5 9. Bd5 c6 10. Na4 Nxd5 11. exd5 b5 12. Bb6 Qe7 13. Bxa5 bxa4 14. dxc6 a3 15. cxd7+ Bxd7 16. 0-0 axb2 17. Rb1 Qa3 18. Qe1 0-0 19. Bb4 Qxa2 20. Bxf8 Rxf8 21. Qb4 e4 22. dxe4 a5 23. Qb7 Bc8 24. Qb5 a4 25. Nd2 Be6 26. f4 Rd8 27. f5 Rxd2 28. fxe6 Qxe6 29. Qxa4 Bd4+ 30. Kh1 Qxe4 31. Rg1 Re2 32. h3 Kg7 33. Rbf1 Bxg1 34. Qxe4 Rxe4 35. Kxg1 Re2 36. Rb1 Rxc2 37. Kh2 Kf6 0-1

[Event "Poznan op 23rd"]
[Site "Poznan"]
[Date "2015.08.15"]
[Round "7"]
[White "Jedras, Piotr"]
[Black "Orzechowski, Jacek"]
[Result "0-1"]
[WhiteElo "2023"]
[BlackElo "2238"]
[PlyCount "56"]
[EventDate "2015.08.10"]
[EventType "swiss"]
[EventRounds "9"]
[EventCountry "POL"]
[SourceTitle "CBM 167 Extra"]
[Source "ChessBase"]
[SourceDate "2015.09.14"]
[SourceVersion "1"]
[SourceVersionDate "2015.09.14"]
[SourceQuality "1"]

1. e4 e6 2. d4 d5 3. Nc3 Bb4 4. e5 c5 5. Bd2 Ne7 6. Nb5 Bxd2+ 7. Qxd2 0-0 8. c3 Nbc6 9. f4 a6 10. Nd6 cxd4 11. cxd4 f6 12. Nf3 Ng6 13. Nxc8 fxe5 14. fxe5 Rxc8 15. Bd3 Nxd4 16. Bxg6 Nxf3+ 17. gxf3 hxg6 18. 0-0 Rf5 19. Rac1 Rxc1 20. Rxc1 Rxf3 21. Rc3 Rf5 22. Qe1 Qg5+ 23. Kh1 Qf4 24. Re3 d4 25. Rg3 Rxe5 26. Qd1 Qf2 27. Rg1 Re2 28. Qb3 Qxh2# 0-1

[Event "Poznan op 23rd"]
[Site "Poznan"]
[Date "2015.08.14"]
[Round "5"]
[White "Jedras, Piotr"]
[Black "Chylewski, Patryk"]
[Result "1-0"]
[WhiteElo "2023"]
[BlackElo "2143"]
[PlyCount "75"]
[EventDate "2015.08.10"]
[EventType "swiss"]
[EventRounds "9"]
[EventCountry "POL"]
[SourceTitle "CBM 167 Extra"]
[Source "ChessBase"]
[SourceDate "2015.09.14"]
[SourceVersion "1"]
[SourceVersionDate "2015.09.14"]
[SourceQuality "1"]

1. e4 c5 2. Nf3 e6 3. d4 cxd4 4. Nxd4 Nc6 5. Nc3 Qc7 6. Be2 a6 7. Be3 Nf6 8. a3 Be7 9. 0-0 0-0 10. Nb3 b5 11. f4 d6 12. Bf3 Bb7 13. Qe2 Rac8 14. Qf2 Nd7 15. Rad1 Rfd8 16. Rd2 Rb8 17. Rfd1 Ba8 18. Be2 Nb6 19. Qg3 Nc4 20. Bxc4 bxc4 21. Nd4 Bf6 22. Nxc6 Bxc6 23. e5 dxe5 24. Rxd8+ Bxd8 25. fxe5 f5 26. Qf4 Ba8 27. Rd6 Rxb2 28. Rxe6 Qb7 29. Qf2 Ba5 30. Rd6 Bc7 31. Rd2 g6 32. e6 Ba5 33. Qh4 Rb1+ 34. Nxb1 Qxb1+ 35. Kf2 Bxd2 36. Qd8+ Kg7 37. Bd4+ Kh6 38. Qh4# 1-0

[Event "Poznan op 23rd"]
[Site "Poznan"]
[Date "2015.08.13"]
[Round "4"]
[White "Szymenderski, Michal"]
[Black "Jedras, Piotr"]
[Result "0-1"]
[WhiteElo "1464"]
[BlackElo "2023"]
[PlyCount "136"]
[EventDate "2015.08.10"]
[EventType "swiss"]
[EventRounds "9"]
[EventCountry "POL"]
[SourceTitle "CBM 167 Extra"]
[Source "ChessBase"]
[SourceDate "2015.09.14"]
[SourceVersion "1"]
[SourceVersionDate "2015.09.14"]
[SourceQuality "1"]

1. d4 Nf6 2. c4 c5 3. d5 b5 4. e3 bxc4 5. Bxc4 d6 6. Nf3 g6 7. h3 Bg7 8. Nc3 0-0 9. 0-0 Nfd7 10. e4 Nb6 11. Be2 Ba6 12. Re1 Bxe2 13. Qxe2 N8d7 14. Bf4 Re8 15. Ng5 Ne5 16. Bxe5 Bxe5 17. Qg4 Bg7 18. h4 Qd7 19. Qg3 h5 20. Re3 Nc4 21. Rf3 Rf8 22. Qh3 Qxh3 23. Rxh3 Nxb2 24. f4 Na4 25. e5 Nxc3 26. Rxc3 dxe5 27. Rxc5 exf4 28. Rd1 Be5 29. Kf1 a5 30. Ne4 Rfc8 31. Rb5 Rc2 32. a3 Rc4 33. Ng5 Rc3 34. a4 Rc4 35. Nf3 Bd6 36. Ra1 Kg7 37. Ne1 Be5 38. Ra2 Rh8 39. Nd3 Bc7 40. Rab2 Rd8 41. Ke2 Rxa4 42. Nc5 f3+ 43. Kxf3 Rxh4 44. Nb7 Rb8 45. Nxa5 Rxb5 46. Rxb5 Bxa5 47. Rxa5 Rb4 48. Ra6 Rd4 49. Ra5 e6 50. dxe6 fxe6 51. Re5 Kf6 52. Ra5 e5 53. Rb5 Kf5 54. Ra5 Rd3+ 55. Ke2 Rb3 56. Rc5 Kf4 57. Rc2 g5 58. Kf2 g4 59. Ra2 h4 60. Rc2 Rb1 61. Rd2 g3+ 62. Ke2 Rg1 63. Kd3 e4+ 64. Kd4 e3 65. Re2 Rd1+ 66. Kc4 h3 67. gxh3 Kf3 68. Ra2 g2 0-1

[Event "Poznan op 23rd"]
[Site "Poznan"]
[Date "2015.08.11"]
[Round "2"]
[White "Koziak, Vitali"]
[Black "Jedras, Piotr"]
[Result "1-0"]
[WhiteElo "2465"]
[BlackElo "2023"]
[PlyCount "89"]
[EventDate "2015.08.10"]
[EventType "swiss"]
[EventRounds "9"]
[EventCountry "POL"]
[SourceTitle "CBM 167 Extra"]
[Source "ChessBase"]
[SourceDate "2015.09.14"]
[SourceVersion "1"]
[SourceVersionDate "2015.09.14"]
[SourceQuality "1"]

1. d4 Nf6 2. c4 c5 3. d5 b5 4. cxb5 a6 5. bxa6 Bxa6 6. Nc3 d6 7. e4 Bxf1 8. Kxf1 Nbd7 9. Nf3 g6 10. g3 Bg7 11. Kg2 0-0 12. h3 Qa5 13. Qc2 Rfb8 14. Bd2 Qb4 15. Rab1 Ne8 16. b3 Qa3 17. Bg5 Qb4 18. Na4 Kf8 19. Bd2 Qb7 20. Nc3 Nc7 21. a4 Qa6 22. Rhc1 Ra7 23. Nd1 Rab7 24. Ne3 Qa8 25. Nc4 Ra7 26. Qd3 Nb6 27. a5 Nd7 28. b4 Rab7 29. bxc5 Nxc5 30. Qc2 Qa6 31. Rb6 Rxb6 32. Nxb6 Na8 33. Na4 Nd3 34. Rb1 Rc8 35. Qb3 Ne5 36. Qb7 Qxb7 37. Rxb7 Nc4 38. a6 Nxd2 39. Nxd2 Ke8 40. a7 Bd4 41. Nb3 Bxa7 42. Rxa7 Nc7 43. Nd4 Kf8 44. Nb6 Rb8 45. Nd7+ 1-0

[Event "Poznan op 23rd"]
[Site "Poznan"]
[Date "2015.08.10"]
[Round "1"]
[White "Jedras, Piotr"]
[Black "Dobrzanska, Magdalena"]
[Result "1-0"]
[WhiteElo "2023"]
[BlackElo "1457"]
[PlyCount "39"]
[EventDate "2015.08.10"]
[EventType "swiss"]
[EventRounds "9"]
[EventCountry "POL"]
[SourceTitle "CBM 167 Extra"]
[Source "ChessBase"]
[SourceDate "2015.09.14"]
[SourceVersion "1"]
[SourceVersionDate "2015.09.14"]
[SourceQuality "1"]

1. e4 c5 2. Nf3 Nc6 3. Nc3 d6 4. d4 cxd4 5. Nxd4 Nf6 6. f4 e6 7. Nf3 a6 8. Bd3 Be7 9. a3 b5 10. 0-0 0-0 11. Qe1 e5 12. Nd5 Be6 13. Nxe7+ Qxe7 14. Kh1 Qc7 15. fxe5 dxe5 16. Ng5 Bc4 17. Rxf6 gxf6 18. Nxh7 Qd6 19. Qh4 Rfb8 20. Bh6 1-0

[Event "POL-chT U19 1st League"]
[Site "Suchedniow"]
[Date "2012.07.??"]
[Round "5"]
[White "Jedras, Piotr"]
[Black "Khamidov, Komil"]
[Result "0-1"]
[WhiteElo "1977"]
[BlackElo "2072"]
[PlyCount "56"]
[EventDate "2012.07.21"]
[EventType "team-swiss"]
[EventRounds "9"]
[EventCountry "POL"]
[SourceTitle "EXT 2014"]
[Source "ChessBase"]
[SourceDate "2013.11.20"]
[SourceVersion "1"]
[SourceVersionDate "2013.11.20"]
[SourceQuality "1"]
[WhiteTeam "Kielce KMKSz Victoria U19"]
[BlackTeam "Wroclaw KS Polonia U19 II"]
[WhiteTeamCountry "POL"]
[BlackTeamCountry "POL"]

1. e4 e5 2. Bc4 Nf6 3. Qe2 Bc5 4. Nf3 d6 5. c3 Nc6 6. d3 h6 7. h3 0-0 8. Bb3 Re8 9. Nbd2 Ne7 10. Nf1 Ng6 11. g4 d5 12. g5 Nh5 13. Nxe5 Nhf4 14. Bxf4 Nxf4 15. Qf3 Qxg5 16. d4 Rxe5 17. dxe5 dxe4 18. Qg3 Nd3+ 19. Ke2 Qh5+ 20. Kd2 Bxf2 21. Qg2 Qxe5 22. Ne3 Qf4 23. Kc2 Qxe3 24. Rad1 Bf5 25. Rd2 Ne1+ 26. Rxe1 Bxe1 27. Rd5 Be6 28. Rd1 Qf2+ 0-1

[Event "POL-chT U19 1st League"]
[Site "Suchedniow"]
[Date "2012.07.??"]
[Round "3"]
[White "Jedras, Piotr"]
[Black "Mirski, Michal"]
[Result "1-0"]
[WhiteElo "1977"]
[BlackElo "1842"]
[PlyCount "135"]
[EventDate "2012.07.21"]
[EventType "team-swiss"]
[EventRounds "9"]
[EventCountry "POL"]
[SourceTitle "EXT 2014"]
[Source "ChessBase"]
[SourceDate "2013.11.20"]
[SourceVersion "1"]
[SourceVersionDate "2013.11.20"]
[SourceQuality "1"]
[WhiteTeam "Kielce KMKSz Victoria U19"]
[BlackTeam "Trzebinia UKS Hetman Koronny U19"]
[WhiteTeamCountry "POL"]
[BlackTeamCountry "POL"]

1. e4 c5 2. Nf3 Nf6 3. Nc3 Nc6 4. d4 d5 5. exd5 Nxd5 6. Nxd5 Qxd5 7. Be3 cxd4 8. Nxd4 Nxd4 9. Qxd4 Qxd4 10. Bxd4 Bd7 11. 0-0-0 Bc6 12. Rg1 a6 13. Bc4 e6 14. f4 0-0-0 15. Bb6 Rxd1+ 16. Rxd1 Be7 17. g3 g6 18. c3 Rf8 19. b4 Ba4 20. Re1 Kb8 21. Kb2 Bf6 22. Bd3 Rc8 23. Rc1 Rc6 24. Be3 Rd6 25. Be2 Bc6 26. Rd1 Rxd1 27. Bxd1 Kc7 28. a4 Bd5 29. a5 Bg7 30. Bb6+ Kd7 31. Be2 e5 32. fxe5 Bxe5 33. Kc2 f5 34. Be3 Bc7 35. c4 Be4+ 36. Kc3 Be5+ 37. Bd4 Bc7 38. Bg7 f4 39. Kd4 fxg3 40. hxg3 Bg2 41. Be5 Bd8 42. Bg4+ Kc6 43. Be6 g5 44. Bg8 h6 45. Bf7 Kd7 46. Bg7 Bc7 47. g4 Bf3 48. Bd5 Bxd5 49. Kxd5 Bf4 50. Bxh6 Bd2 51. Bf8 Ke8 52. Bc5 Kd7 53. Ke5 Bf4+ 54. Kf5 Bd2 55. b5 axb5 56. cxb5 Bxa5 57. Kxg5 Ke6 58. Kf4 Kd5 59. Be3 b6 60. Kf5 Bc3 61. g5 Bb2 62. Bxb6 Kc4 63. Bd8 Kxb5 64. g6 Bg7 65. Bf6 Bh6 66. Bg5 Bg7 67. Ke6 Kc6 68. Kf7 1-0

[Event "POL-chT U19 1st League"]
[Site "Suchedniow"]
[Date "2012.07.??"]
[Round "8"]
[White "Jedras, Piotr"]
[Black "Sikora, Rafal"]
[Result "0-1"]
[WhiteElo "1977"]
[BlackElo "1838"]
[PlyCount "58"]
[EventDate "2012.07.21"]
[EventType "team-swiss"]
[EventRounds "9"]
[EventCountry "POL"]
[SourceTitle "EXT 2014"]
[Source "ChessBase"]
[SourceDate "2013.11.20"]
[SourceVersion "1"]
[SourceVersionDate "2013.11.20"]
[SourceQuality "1"]
[WhiteTeam "Kielce KMKSz Victoria U19"]
[BlackTeam "Tomaszow Lubelski UKS GIM Dwojka U19"]
[WhiteTeamCountry "POL"]
[BlackTeamCountry "POL"]

1. e4 e5 2. Nf3 Nc6 3. Nc3 Nf6 4. a3 d5 5. Bb5 d4 6. Ne2 Nxe4 7. d3 Nf6 8. Nxe5 Qd5 9. Nxc6 bxc6 10. Ba4 Bd6 11. Nxd4 0-0 12. Bxc6 Qxd4 13. Bxa8 Re8+ 14. Be3 Ng4 15. c3 Qb6 16. Bf3 Nxe3 17. fxe3 Qxe3+ 18. Kf1 Bf5 19. g4 Bxd3+ 20. Kg2 Re6 21. Qe1 Qg5 22. h4 Qf4 23. Qf2 Be4 24. Bxe4 Qxg4+ 25. Kf1 Rxe4 26. Rg1 Qh3+ 27. Rg2 Rf4 28. Qxf4 Bxf4 29. Re1 h6 0-1

[Event "POL-chT U19 1st League"]
[Site "Suchedniow"]
[Date "2012.07.??"]
[Round "2"]
[White "Mucha, Piotr"]
[Black "Jedras, Piotr"]
[Result "1-0"]
[WhiteElo "1952"]
[BlackElo "1977"]
[PlyCount "99"]
[EventDate "2012.07.21"]
[EventType "team-swiss"]
[EventRounds "9"]
[EventCountry "POL"]
[SourceTitle "EXT 2014"]
[Source "ChessBase"]
[SourceDate "2013.11.20"]
[SourceVersion "1"]
[SourceVersionDate "2013.11.20"]
[SourceQuality "1"]
[WhiteTeam "Katowice Hetman Szopienice U19"]
[BlackTeam "Kielce KMKSz Victoria U19"]
[WhiteTeamCountry "POL"]
[BlackTeamCountry "POL"]

1. e4 c5 2. Nf3 d6 3. d4 cxd4 4. Nxd4 Nf6 5. Nc3 g6 6. Be3 Bg7 7. f3 Nc6 8. Qd2 0-0 9. 0-0-0 d5 10. exd5 Nxd5 11. Nxc6 bxc6 12. Bd4 e5 13. Bc5 Be6 14. Ne4 Re8 15. h4 h6 16. g4 Qc7 17. g5 h5 18. Bc4 Red8 19. Qf2 Qb7 20. Rhe1 Nf4 21. Bxe6 Nxe6 22. Qe3 Nxc5 23. Qxc5 Qa6 24. a3 Qa4 25. Rd6 Rxd6 26. Qxd6 Qc4 27. Rd1 Qa2 28. Nc3 Qc4 29. Ne4 Rf8 30. b3 Qa6 31. a4 Qb6 32. Nc5 e4 33. Kb1 exf3 34. Nd7 Qe3 35. Nxf8 Qc3 36. Qa3 Bxf8 37. Qb2 Qb4 38. Qd4 Qa3 39. Qb2 Qe7 40. Qf6 Qe2 41. Rd7 Qe8 42. Rd8 Qe6 43. Qxf3 Qe1+ 44. Ka2 Qc1 45. Qe4 Qa3+ 46. Kb1 Kh7 47. Qe8 Kg7 48. Rd7 Kh8 49. Qxf7 Qc5 50. Qh7# 1-0

[Event "POL-chT U19 1st League"]
[Site "Suchedniow"]
[Date "2012.07.??"]
[Round "9"]
[White "Pietruszewski, Marcin"]
[Black "Jedras, Piotr"]
[Result "1-0"]
[WhiteElo "2145"]
[BlackElo "1977"]
[PlyCount "87"]
[EventDate "2012.07.21"]
[EventType "team-swiss"]
[EventRounds "9"]
[EventCountry "POL"]
[SourceTitle "EXT 2014"]
[Source "ChessBase"]
[SourceDate "2013.11.20"]
[SourceVersion "1"]
[SourceVersionDate "2013.11.20"]
[SourceQuality "1"]
[WhiteTeam "Suwalki Hancza U19"]
[BlackTeam "Kielce KMKSz Victoria U19"]
[WhiteTeamCountry "POL"]
[BlackTeamCountry "POL"]

1. e4 c5 2. Nf3 d6 3. d4 cxd4 4. Nxd4 Nf6 5. Nc3 g6 6. Be3 Bg7 7. f3 Nc6 8. Qd2 0-0 9. 0-0-0 d5 10. exd5 Nxd5 11. Nxc6 bxc6 12. Bd4 e5 13. Bc5 Be6 14. Ne4 Re8 15. h4 h6 16. g4 Qc7 17. g5 h5 18. Bc4 Red8 19. Qf2 Qb7 20. Rhe1 Nf4 21. Bxe6 Nxe6 22. Rd6 Rdb8 23. b3 Bf8 24. Rd7 Bxc5 25. Nxc5 Qb4 26. Nxe6 fxe6 27. Qe3 Rb5 28. c4 Ra5 29. Re2 Kh8 30. Red2 Rf8 31. Rd8 Kg7 32. R2d7+ Rf7 33. a4 Qb6 34. Rxf7+ Kxf7 35. Qd2 Rd5 36. cxd5 exd5 37. Rd7+ Kf8 38. Kb2 a5 39. Ka2 Qc5 40. f4 e4 41. f5 Ke8 42. Rb7 e3 43. Qh2 gxf5 44. Qb8# 1-0

[Event "Krakow op-B 22nd"]
[Site "Krakow"]
[Date "2012.01.02"]
[Round "6"]
[White "Suliborski, Jakub"]
[Black "Jedras, Piotr"]
[Result "1-0"]
[WhiteElo "1982"]
[BlackElo "1977"]
[PlyCount "85"]
[EventDate "2011.12.27"]
[EventType "swiss"]
[EventRounds "9"]
[EventCountry "POL"]
[SourceTitle "CBM 146 Extra"]
[Source "ChessBase"]
[SourceDate "2012.02.29"]
[SourceVersion "1"]
[SourceVersionDate "2012.02.29"]
[SourceQuality "1"]

1. f4 c5 2. Nf3 g6 3. e3 Bg7 4. d4 cxd4 5. exd4 d5 6. Bd3 Nf6 7. 0-0 0-0 8. c3 Nc6 9. Nbd2 Ng4 10. Qe2 Qc7 11. Ne5 Ncxe5 12. fxe5 f6 13. h3 Nh6 14. Nf3 fxe5 15. Bxh6 Bxh6 16. Nxe5 Bf5 17. Bxf5 Rxf5 18. Rxf5 gxf5 19. Qh5 Be3+ 20. Kh1 e6 21. Re1 Bf2 22. Re2 Bg3 23. Nf3 Qe7 24. Qg5+ Qxg5 25. Nxg5 e5 26. dxe5 Re8 27. Nf3 Kf7 28. Kg1 a6 29. Kf1 b5 30. Rd2 Rd8 31. Ke2 h6 32. Kd3 Re8 33. b3 Re7 34. Kd4 Ke6 35. Kc5 Rc7+ 36. Kb4 f4 37. Nd4+ Ke7 38. a4 bxa4 39. bxa4 Rc4+ 40. Kb3 a5 41. e6 h5 42. Re2 h4 43. Nf5+ 1-0

[Event "Rewal op-B 16th"]
[Site "Rewal"]
[Date "2011.08.27"]
[Round "8"]
[White "Gawiec, Konrad"]
[Black "Jedras, Piotr"]
[Result "1-0"]
[WhiteElo "1820"]
[BlackElo "1919"]
[PlyCount "63"]
[EventDate "2011.08.18"]
[EventType "swiss"]
[EventRounds "9"]
[EventCountry "POL"]
[SourceTitle "CBM 144 Extra"]
[Source "ChessBase"]
[SourceDate "2011.10.28"]
[SourceVersion "1"]
[SourceVersionDate "2011.10.28"]
[SourceQuality "1"]

1. e4 c5 2. Nc3 Nc6 3. g3 g6 4. Bg2 Bg7 5. Nge2 d6 6. 0-0 e5 7. f4 Nge7 8. d3 Be6 9. Nd5 Qd7 10. c4 Bg4 11. Qe1 Bxe2 12. Qxe2 Nxd5 13. exd5 Nd4 14. Qf2 0-0 15. Kh1 Rae8 16. Rb1 exf4 17. Qxf4 Qa4 18. Be3 Nf5 19. Bg1 Qxa2 20. Be4 Bh6 21. Qf3 Ng7 22. Qf6 Qa6 23. b4 Nh5 24. Qh4 Qa2 25. bxc5 f5 26. Bf3 Be3 27. Bxe3 Rxe3 28. Bxh5 f4 29. Bxg6 hxg6 30. Rxb7 Rf7 31. Rxf7 Kxf7 32. Qxf4+ 1-0

[Event "Rewal op-B 16th"]
[Site "Rewal"]
[Date "2011.08.21"]
[Round "2"]
[White "Mirski, Michal"]
[Black "Jedras, Piotr"]
[Result "1/2-1/2"]
[WhiteElo "1776"]
[BlackElo "1919"]
[PlyCount "126"]
[EventDate "2011.08.18"]
[EventType "swiss"]
[EventRounds "9"]
[EventCountry "POL"]
[SourceTitle "CBM 144 Extra"]
[Source "ChessBase"]
[SourceDate "2011.10.28"]
[SourceVersion "1"]
[SourceVersionDate "2011.10.28"]
[SourceQuality "1"]

1. e4 e5 2. Nf3 Nc6 3. d4 exd4 4. Bc4 Nf6 5. 0-0 Nxe4 6. Re1 d5 7. Bxd5 Qxd5 8. Nc3 Qh5 9. Nxe4 Be6 10. Neg5 0-0-0 11. Nxe6 fxe6 12. Rxe6 Bd6 13. Bd2 Rhf8 14. h3 Qf5 15. Qf1 Kd7 16. Re4 Rfe8 17. Rxe8 Rxe8 18. Qd1 Kc8 19. a3 h6 20. b4 Re4 21. c4 Ne5 22. c5 Nxf3+ 23. Qxf3 Qxf3 24. gxf3 Re2 25. Bxh6 gxh6 26. cxd6 cxd6 27. Rd1 Ra2 28. Rxd4 Rxa3 29. Rxd6 Ra4 30. b5 h5 31. Kf1 Rh4 32. Rd5 Rxh3 33. Kg2 Rh4 34. Kg3 Rh1 35. Kg2 Rh4 36. Kg3 Rh1 37. Kg2 Ra1 38. Rc5+ Kd7 39. Rxh5 Ra5 40. f4 a6 41. Rh7+ Kd6 42. bxa6 bxa6 43. Kf3 Ke6 44. Rh6+ Kf7 45. Kg4 Ra1 46. Rb6 a5 47. Kf5 a4 48. Rb7+ Kf8 49. Kf6 Ke8 50. f5 a3 51. Rb8+ Kd7 52. Ra8 Rf1 53. Rxa3 Rxf2 54. Ra4 Rf1 55. Kg6 Rg1+ 56. Kf7 Rf1 57. f6 Rf2 58. Rd4+ Kc7 59. Kg7 Rg2+ 60. Kf8 Rf2 61. Kg7 Rg2+ 62. Kh6 Rf2 63. Kg7 Rg2+ 1/2-1/2

[Event "POL-ch U18"]
[Site "Murzasichle"]
[Date "2011.03.10"]
[Round "7"]
[White "Jedras, Piotr"]
[Black "Sobaniec, Dominik"]
[Result "1/2-1/2"]
[WhiteElo "1946"]
[BlackElo "1849"]
[PlyCount "115"]
[EventDate "2011.03.05"]
[EventType "swiss"]
[EventRounds "9"]
[EventCountry "POL"]
[SourceTitle "EXT 2012"]
[Source "ChessBase"]
[SourceDate "2011.11.24"]
[SourceVersion "1"]
[SourceVersionDate "2011.11.24"]
[SourceQuality "1"]

1. e4 c5 2. Nf3 Nc6 3. d4 cxd4 4. Nxd4 Nf6 5. Nc3 e5 6. Ndb5 d6 7. Bg5 a6 8. Na3 b5 9. Nd5 Be7 10. Bxf6 Bxf6 11. c3 0-0 12. Nc2 Bg5 13. a4 bxa4 14. Rxa4 a5 15. Bc4 Rb8 16. Ra2 Kh8 17. Nce3 g6 18. h4 Bxe3 19. Nxe3 f5 20. h5 g5 21. exf5 Bxf5 22. Nxf5 Rxf5 23. Qd5 Qb6 24. 0-0 Rbf8 25. b4 e4 26. Qxe4 Ne5 27. bxa5 Qa7 28. Be6 Rf4 29. Qd5 g4 30. Qxd6 Qg7 31. g3 Nf3+ 32. Kg2 R4f6 33. Qd5 Rxe6 34. Qxe6 Qb7 35. Re1 Ng5+ 36. Kh2 Nf3+ 37. Kg2 Ng5+ 38. Kh2 Nxe6 39. Rxe6 Qd5 40. Rae2 Qxh5+ 41. Kg1 Qxa5 42. Re8 Kg7 43. Rxf8 Kxf8 44. Re3 Qa1+ 45. Kg2 Qb2 46. Kg1 Qc1+ 47. Kg2 Kf7 48. Rd3 Ke6 49. Re3+ Kf5 50. Rd3 Qc2 51. Re3 h5 52. Kf1 h4 53. gxh4 Kf4 54. Kg1 Qh7 55. Kg2 Qxh4 56. Rg3 Qh7 57. Kg1 Qe4 58. Rg2 1/2-1/2